Mallorca setzt auf Nachhaltigkeit

Bibliográfiai részletek
Szerző: Kucsera Zsuzsanna
További közreműködők: Horváth Dr. Péter
Dokumentumtípus: Diplomadolgozat
Kulcsszavak:Mallorca
Nachhaltigkeit
Ökotourismus
Partytourismus
Massentourismus
Online Access:http://dolgozattar.uni-bge.hu/13086

MARC

LEADER 00000nta a2200000 i 4500
001 dolg13086
005 20180227133123.0
008 171128suuuu hu om 000 ger d
040 |a BGE Dolgozattár Repozitórium  |b hun 
041 |a de 
100 1 |a Kucsera Zsuzsanna 
245 1 0 |a Mallorca setzt auf Nachhaltigkeit  |c Kucsera Zsuzsanna  |h [elektronikus dokumentum] 
246 1 1 |a Mallorca elkötelezett a fenntarthatóság mellett 
246 1 1 |a Majorca is committed to sustainability 
695 |a Mallorca 
695 |a Nachhaltigkeit 
695 |a Ökotourismus 
695 |a Partytourismus 
695 |a Massentourismus 
700 1 |a Horváth Dr. Péter  |e ths 
856 4 0 |u http://dolgozattar.uni-bge.hu/13086/1/Kucsera%20Zsuzsanna%20-%20Mallorca%20setzt%20auf%20Nachhaltigkeit%20v%C3%A9gleges.pdf  |z Dokumentum-elérés